Unscramble Words - Statistics

General Stats
  • This quiz has been taken 101 times
  • The average score is 12 of 15
Answer Stats
Hint Answer % Correct
kinp pink
99%
god dog
97%
korf fork
97%
dog god
97%
nme men
97%
oolc cool
96%
cefa face
88%
sohe shoe
88%
retwa water
85%
neolc clone
83%
lgod gold
83%
mmhare hammer
63%
hcina chain
55%
postr sport
53%
Einstein Albert Albert Einsten
8%
No matching quizzes found
Score Distribution
Percent of People with Each Score
Percentile by Number Answered
Your Score History
You have not taken this quiz